书目信息 |
| 题名: |
语法修辞
|
|
| 作者: | 北京大学中文系现代汉语教研室 编 | |
| 分册: | ||
| 出版信息: | 北京 商务印书馆 1983.2 |
|
| 页数: | 187页 | |
| 开本: | 19cm | |
| 丛书名: | ||
| 单 册: | ||
| 中图分类: | H44 | |
| 科图分类: | ||
| 主题词: | 越南语 | |
| 电子资源: | ||
| ISBN: | ||
| 000 | 00627nam0 2200217 45 | |
| 001 | 0310080972 | |
| 005 | 20031219104117.7 | |
| 010 | @dCNY0.60 | |
| 091 | @a9017.728 | |
| 100 | @a20031008d1983 km y0chiy0120 ea | |
| 101 | 0 | @achi |
| 105 | @a z 000yy | |
| 200 | 1 | @a语法修辞@AYu Fa Xiu Ci@f北京大学中文系现代汉语教研室编@FBei Jing Da Xue Zhong Wen Xi Xian Dai Han Yu Jiao Yan Shi Bian |
| 205 | @a第二次修订本 | |
| 210 | @a北京@c商务印书馆@d1983.2 | |
| 215 | @a187页@d19cm | |
| 606 | 0 | @a越南语 |
| 690 | @aH44@v3 | |
| 701 | 0 | @a北京大学中文系现代汉语教研室@4编 |
| 801 | @aCN@bTSTC@c20031008 | |
| 905 | @f1@b99867@dH44@e48 | |
| 语法修辞/北京大学中文系现代汉语教研室编.-第二次修订本.-北京:商务印书馆,1983.2 |
| 187页;19cm |
| ISBN :CNY0.60 |
| ● |
| 相关链接 |
|
|
|
|
正题名:语法修辞
索取号:H44/48
 
预约/预借
| 序号 | 登录号 | 条形码 | 馆藏地/架位号 | 状态 | 备注 |
| 1 | 0099867 | 001712098 | 密集书库/ [索取号:H44/48] | 在馆 | |
| 2 | 0099868 | 001711785 | 密集书库/ [索取号:H44/48] | 在馆 | |
| 3 | 0099871 | 001711703 | 密集书库/ [索取号:H44/48] | 在馆 | |
| 4 | 0099872 | 001712132 | 密集书库/ [索取号:H44/48] | 在馆 | |
| 5 | 0099873 | 001711749 | 密集书库/ [索取号:H44/48] | 在馆 |